| 000 | 00693nam a2200217 u 4500 | ||
|---|---|---|---|
| 005 | 20240924071139.0 | ||
| 008 | 130207s2006 es r 000 0 spa d | ||
| 020 | _a8493509760 | ||
| 035 | _aUPN01000189446 | ||
| 049 | _aCG | ||
| 050 | 4 |
_aPQ6726 U7.3 _bL4.3 |
|
| 100 | 1 |
_aZurdo Sáiz, David, _d1971- _933289 |
|
| 245 | 1 | 3 |
_aEl legado de Jesús : _bel diario secreto de Da Vinci / _cDavid Zurdo, Angel Gutiérrez Tapia. |
| 260 |
_aBarcelona, Esp. : _bSwing, _c2006. |
||
| 300 |
_a395 p. : _bil. |
||
| 650 | 4 |
_aLiteratura española _95069 |
|
| 600 | 0 | 4 |
_aLEONARDO, _cDA VINCI, _d1452-1519 - _vNOVELA _915171 |
| 700 | 1 |
_aGutiérrez Tapia, Angel, _ecoaut. |
|
| 905 | _aLibro | ||
| 999 |
_c161549 _d161549 |
||